| 000 | 01301cam a22003254a 4500 | ||
|---|---|---|---|
| 999 |
_c9541 _d9541 |
||
| 001 | 12027584 | ||
| 003 | GBCCL | ||
| 005 | 20241126110714.0 | ||
| 008 | 000601s2000 ilu b 011 0 eng | ||
| 010 | _a 00040950 | ||
| 020 | _a0830815570 (US) | ||
| 020 | _a0851114687 (UK) | ||
| 040 |
_aDLC _cDLC _dDLC |
||
| 042 | _apcc | ||
| 050 | 0 | 0 |
_aBS2651 _b.G65 2000 |
| 082 | 0 | 0 |
_a227.806 _221 _bGOS |
| 245 | 0 | 4 |
_aThe gospel to the nations : _bperspectives on Paul's mission : in honour of Peter T. O'Brien / _cedited by Peter Bolt & Mark Thompson. |
| 260 |
_aDowners Grove, Ill. : _bInterVarsity Press ; _aLeicester, England : _bApollos, _c2000. |
||
| 300 |
_axiii, 429 p. ; _c22 cm. |
||
| 504 | _aIncludes bibliographical references (p. 383-414) and index. | ||
| 600 | 0 | 0 |
_aPaul, _cthe Apostle, Saint. _91848 |
| 630 | 0 | 0 |
_aBible. _pEpistles of Paul _xCriticism, interpretation, etc. _92197 |
| 630 | 0 | 0 |
_aBible. _pEpistles of Paul _xTheology. _92757 |
| 700 | 1 |
_aO'Brien, Peter Thomas. _915516 |
|
| 700 | 1 |
_aBolt, Peter, _d1958- _916607 |
|
| 700 | 1 |
_aThompson, Mark, _d1959 March 12. _916608 |
|
| 906 |
_a7 _bcbc _corignew _d1 _eocip _f20 _gy-gencatlg |
||
| 942 |
_2ddc _cBK _03 |
||